|
|
|
|
| LEADER |
00000nam0a2200000 4500 |
| 001 |
358062 |
| 005 |
20231102011044.0 |
| 035 |
|
|
|a (RuTPU)RU\TPU\retro\15330
|
| 090 |
|
|
|a 358062
|
| 100 |
|
|
|a 20200812d1924 k y0rusy50 ca
|
| 101 |
0 |
|
|a rus
|
| 102 |
|
|
|a UA
|
| 105 |
|
|
|a y z 000zy
|
| 200 |
1 |
|
|a К минералогии Екатеринославской губернии. Ортит, десмин, микроклин, вивианит, эпсомит
|e [отдельный оттиск]
|f Л. Л. Иванов
|
| 210 |
|
|
|a Екатеринослав
|c [Б. и.]
|d 1924
|
| 215 |
|
|
|a С. 115-123
|
| 225 |
1 |
|
|a Известия Екатеринославского горного института
|v Т. 14
|
| 316 |
|
|
|5 63413507: 43//637
|a На с. 115 дарственная надпись: "Многоуважаемому Аркадию Валерьяновичу Лаврскому от автора"
|
| 317 |
|
|
|5 63413507: 43//637
|a Поступил в НТБ в 1945 г. в составе книжного собрания профессора ТПИ А. В. Лаврского
|
| 606 |
1 |
|
|a Минералогия
|y Украина
|2 stltpush
|3 (RuTPU)RU\TPU\subj\72191
|9 85763
|
| 610 |
1 |
|
|a Екатеринославская губерния
|
| 610 |
1 |
|
|a минералы
|
| 610 |
1 |
|
|a ортит
|
| 610 |
1 |
|
|a десмин
|
| 610 |
1 |
|
|a микроклин
|
| 610 |
1 |
|
|a вивианит
|
| 610 |
1 |
|
|a эпсомит
|
| 610 |
1 |
|
|a характеристики
|
| 610 |
1 |
|
|a оттиски
|
| 610 |
1 |
|
|a Коллекция А. В. Лаврского
|
| 610 |
1 |
|
|a дарственные надписи
|
| 610 |
1 |
|
|a дары автора
|
| 675 |
|
|
|a 549(477)
|v 4
|
| 700 |
|
1 |
|a Иванов
|b Л. Л.
|c минералог
|c геолог
|c профессор Екатеринославского высшего горного училища
|c ученик В. И. Вернадского
|f 1877-1946
|g Леонид Ликарионович
|2 stltpush
|3 (RuTPU)RU\TPU\pers\21893
|9 9230
|
| 801 |
|
1 |
|a RU
|b 63413507
|c 20200812
|
| 801 |
|
2 |
|a RU
|b 63413507
|c 20211119
|g RCR
|
| 942 |
|
|
|c BK
|